000 00757cam a22002531 4500
001 sa 68019468
003 DLC
005 20260227112717.0
008 720920s1964 xx 000 0 ind
010 _asa 68019468
035 _a(OCoLC)411417
040 _aDLC
_cOAU
_dCU
_dDLC
041 0 _aindaraeng
042 _apremarc
050 0 0 _aPL5077
_b.A2 1964
100 2 _aBin Nuh, Abdullah.
245 1 0 _aKamus:
_bArab, Indonesia, Inggeris
_c[oleh] Abd. bin Nuh dan Oemar Bakry.
250 _a[Tjet. 3.]
260 _aDjakarta,
_bMutiara
_c[Kata pengantar 1964]
300 _a266 p.
_c18 cm.
650 0 _aIndonesian language
_xDictionaries
_xArabic.
650 0 _aIndonesian language
_xDictionaries
_xEnglish.
700 1 _aBakry, Oemar,
_ejoint author.
999 _c88900
_d88900